000 00601nam a2200229 a 4500
999 _c6057
_d6057
001 6057
003 BD-JhCC
005 20180101161531.0
008 180101s1965 u |||| || | 001 0 eng d
035 _a(BD-JhCC)6057
040 _aBD-JhCC
_dBD-JhCC
041 _aeng
082 _a512
_bWOO 1965
100 _aWooton, William
245 _aIntermediate Algebra /
_cWilliam Wooton and Irving Drooyan
260 _aCalifornia :
_bWadsworth Publishing Company, Inc.
_c1965.
300 _a334 p. :
_c24 cm.
650 _aAlgebra
700 _a Drooyan, Irving
942 _2ddc
_cBK